[Event "City of Adelaide"]
[Site "Adelaide"]
[Date "1998.09.09"]
[Round "8.3"]
[White "Sheldrick, Kevin"]
[Black "Tanti, Joseph G"]
[Result "1-0"]
[WhiteElo "1801"]
[BlackElo "1750"]
[Annotator "Fritz 5.00 - Anderson-Smith,W"]
[PlyCount "51"]
[EventDate "1998.07.22"]
[EventType "swiss"]
[EventRounds "9"]
[EventCountry "AUS"]

1. e4 e5 2. Nc3 Nf6 3. Bc4 {Vienna Game} Nxe4 4. Qh5 Nd6 5. Bb3 Nc6 6. Nb5 g6
7. Qf3 f5 8. Qd5 Qf6 (8... Qe7 9. Nxc7+ Kd8 10. Nxa8 b6 11. d3 Bb7 12. h4 h6 (
12... f4 13. Qf3 Nd4 14. Qg4 Ne8 15. c3 Nf6 16. Qh3 Nf5 17. Bd2 h5 18. O-O-O
Ng4 19. Rf1 Bh6 20. Kb1 Bxa8 21. Bd1 Qd6 22. d4 Nf6 23. Nf3 e4 24. Ne5 Rf8 25.
Nxg6 e3 26. f3 Ne4 27. fxe4 Bxe4+ 28. Ka1 Qxg6 29. Be1 e2 30. Bxe2 Ne3 31. b3
Bxg2 32. Qh2 Qc2 {0-1 Smolovic,M-Lengyel,B/Budapest FS11 IM-B 1994/EXP 45}) 13.
Nxb6 axb6 14. Qf3 Bg7 15. Qh3 e4 16. Ne2 exd3 17. cxd3 Re8 18. Bd1 f4 19. Bxf4
Nf5 20. O-O Nxh4 21. Nc3 Nd4 22. Ne4 Bxe4 23. dxe4 g5 24. Bg3 Qxe4 25. Rc1 Re6
26. Bg4 Nhf5 27. Bc7+ Ke7 28. Bxb6 h5 29. Bxh5 Qf4 30. Qa3+ Nd6 31. Rce1 Be5
32. g3 Qd2 33. Qa8 {1-0 Shabalov,A-Parker,J/London Lloyds 1994/EXP 43}) 9.
Nxc7+ Kd8 10. Nxa8 Bh6 $2 $146 (10... b5 11. d4 Nxd4 12. Qc5 Bb7 13. Qxa7 Bxg2
14. h4 h6 15. Rh2 Nf3+ 16. Nxf3 Bxf3 17. Rh3 Bc6 18. Be3 Bg7 19. O-O-O {
1-0 Capel,H-Cutter,P/Guernsey op 1989/TD 89\14}) (10... b6 11. Nxb6 (11. h4 h6
12. Qf3 Bb7 13. Qh3 Bxa8 14. d3 Bg7 15. Bd2 g5 16. Qg3 f4 17. Qg4 Nd4 18. c3
Ne6 19. hxg5 Nxg5 20. Nh3 Ngf7 21. Ng1 h5 22. Rxh5 Rxh5 23. Qxh5 Bxg2 24. f3
Qg5 25. Bxf7 Qg3+ 26. Kd1 Bf1 27. Kc2 Qxg1 28. Rxf1 Qxf1 29. Qg5+ Kc7 30. Qxg7
Nxf7 31. Qxf7 Qxf3 32. Qc4+ Kd6 33. Qe4 Qh5 34. d4 {
1-0 Morvay,M-Borsavolgyi,T/HUN-chT 1992/TD 92\10}) 11... axb6 12. Qd3 Bb7 13.
Ne2 Bg7 14. Qh3 f4 15. d3 h5 16. Bd2 g5 17. f3 Nd4 18. Nxd4 exd4 19. O-O-O Nf5
20. Ba4 Bd5 21. Rhe1 Qg6 22. g4 hxg4 23. Qxg4 Rh4 24. Qg2 Qh5 25. Re4 {
Gdanski,J-Raetsky,A/Biel op 1994/TD 94\02/0-1 (47)}) (10... b6 11. Qd3 Bb7 12.
Nxb6 axb6 $18) 11. d3 (11. d4 Bxc1 12. Rxc1 exd4 13. Ne2 $18) 11... Bxc1 12.
Rxc1 Re8 $2 {Black plans e4} (12... b6 13. Nxb6 axb6 $18) 13. Ne2 (13. Ba4 b6
14. Bxc6 dxc6 15. Qxc6 Re7 16. Nxb6 Bb7 $18) 13... b6 14. Qf3 Bb7 15. Qh3 (15.
Nxb6 axb6 16. Qh3 Nd4 $18) 15... e4 16. O-O (16. Nxb6 exd3 17. Qxd3 Nd4 18.
Nxd7 Qe7 $16) 16... exd3 17. Qxd3 Rxe2 $2 (17... Ne5 $142 18. Qd4 Bxa8 $18) 18.
Qxe2 Nd4 19. Qe3 (19. Qd2 $142 {ends the debate} Ne4 20. Qd1 $18) 19... Nf3+ $4
{the position was bad, and this mistake simply hastens the end} (19... f4 $142
20. Qh3 Ne2+ 21. Kh1 f3 $18) 20. gxf3 f4 21. Qc3 {Threatening mate... how?}
Qg5+ 22. Kh1 Qh5 (22... Bxa8 {there is nothing better in the position} 23. Rcd1
Qc5 24. Qxc5 bxc5 25. Rxd6 Bxf3+ 26. Kg1 Kc7 $18) 23. Qc7+ $18 (23. Qf6+ Kc8
24. Qf8+ Ne8 25. Qxe8#) 23... Ke8 {The mate threat is Qxf3} 24. Rce1+ (24. Qxd6
$4 {White's fate is sealed if he captures the knight} Qxf3+ 25. Kg1 Qg2#) 24...
Ne4 25. Qb8+ (25. Qxb7 $6 {is easily refuted} Qxf3+ 26. Kg1 Qg4+ 27. Kh1 Qf3+
28. Kg1 Qg4+ 29. Kh1 Qf3+ $11) (25. fxe4 $6 {succumbs to} Qf3+ 26. Kg1 Qg4+ 27.
Kh1 Qf3+ 28. Kg1 Qg4+ 29. Kh1 Qf3+ $11) 25... Ke7 26. Qxf4 (26. Qxf4 Bxa8 27.
fxe4 $18) (26. Rg1 {might be the shorter path} Qxf3+ 27. Rg2 Bc6 28. Qe5+ Kd8
29. Qh8+ Ke7 30. Qg7+ Kd6 31. Qd4+ Ke7 $18) 1-0

[Event "City of Adelaide"]
[Site "Adelaide"]
[Date "1998.09.09"]
[Round "8.4"]
[White "Nothdurft, John"]
[Black "Errington, James"]
[Result "1-0"]
[WhiteElo "1528"]
[BlackElo "1323"]
[Annotator "Fritz 5.00 - Anderson-Smith,W"]
[PlyCount "41"]
[EventDate "1998.07.22"]
[EventType "swiss"]
[EventRounds "9"]
[EventCountry "AUS"]

1. d4 f5 {Dutch Defence} 2. h3 (2. g3 Nf6 3. Bg2 g6 4. Nf3 Bg7 5. O-O O-O 6. c4
d6 7. Nc3 Qe8 8. d5 a5 (8... Na6 9. Rb1 c5 (9... c6 10. b3 Nc7 11. Bb2 h6 12.
Qd2 c5 13. a4 Bd7 14. Rbe1 Qf7 15. e4 fxe4 16. Nxe4 Nh7 17. Re3 Bxb2 18. Qxb2
Qg7 19. Qxg7+ Kxg7 20. Nxd6 exd6 {
0-1 Timoshchenko,G-Bareev,E/URS-FL Irkutsk 1986/TD 86\01}) 10. dxc6 bxc6 11. b4
Bd7 12. a3 Nc7 (12... Qf7 13. c5 d5 14. b5 Nc7 15. bxc6 Bxc6 16. Bf4 Nfe8 17.
Ng5 Qf6 18. Nxd5 Nxd5 19. Bxd5+ Kh8 20. Ne6 {
1-0 Cvitan,O-Van Heste,J/Graz op 1987/TD 87\05}) 13. Bb2 Rd8 14. b5 Ne6 15. a4
Rb8 16. Qc2 f4 17. Ba3 g5 18. Rbd1 Qc8 19. Qa2 Kh8 20. Bc1 a6 21. bxc6 Bxc6 22.
Nd5 Qe8 23. a5 Nd7 24. Rd2 g4 25. Nh4 Ne5 26. Re1 Qf7 27. e4 fxe3 28. Rxe3 Ng5
29. Rd1 e6 30. Nf4 Bxg2 31. Nhxg2 Qc7 32. Ba3 Qxc4 33. Qe2 Qxe2 34. Rxe2 Nc4
35. Bc1 e5 36. Nd5 {0-1 Damljanovic,B-Bareev,E/Sochi 1988/TD 88\01}) 9. Nd4 Na6
10. b3 Bd7 11. Bb2 g5 12. e3 Qg6 13. Qc2 Rac8 14. Rad1 c5 15. dxc6 bxc6 16. Na4
c5 17. Nb5 Rb8 18. Qd2 Qh5 19. f4 Rfc8 20. Nxd6 Rc6 21. Nxf5 Bxf5 22. Bxc6 Nb4
23. Bf3 g4 24. Bg2 {1-0 Wells,P-Illner,A/Budapest FS04 GM 1995/EXP 46}) 2... d5
3. c4 (3. Nf3 Nf6 4. c4 (4. Bf4 c6 5. e3 Qb6 6. Qc1 Be6 7. Be2 g6 8. O-O Bg7 9.
Nbd2 Nbd7 10. c4 Ne4 11. c5 Qd8 12. b4 h6 13. Nxe4 fxe4 14. Nd2 O-O 15. Nb3 g5
16. Bh2 Nf6 17. Qd1 Qd7 18. Be5 Rf7 {
Van Wissen,M-Jorgensen,M/Copenhagen op 1995/EXP 47/0-1 (40)}) 4... e6 5. Bf4
Bd6 6. Bxd6 Qxd6 7. e3 O-O 8. Bd3 Ne4 9. Nbd2 Nd7 10. O-O Nxd2 11. Qxd2 e5 12.
dxe5 Nxe5 13. Nxe5 Qxe5 14. cxd5 Qxd5 15. Qc2 Be6 16. e4 Qd7 17. Rad1 Qf7 18.
exf5 Bxa2 19. Rfe1 Rfe8 20. Qc3 c6 21. Rxe8+ Rxe8 22. Ra1 Kf8 23. Qa5 Bd5 24.
Qxa7 Bxg2 25. Kxg2 Qd5+ 26. Kh2 Qd6+ 27. Kg2 Qd5+ 28. Kh2 Qd6+ 29. Kg2 Qd5+ {
1/2-1/2 Certek,P-Polasek,J/CSR-chT 1992/TD 92\10}) 3... Nf6 4. Bf4 e6 5. e3 Nc6
$146 (5... c6 6. cxd5 exd5 7. Nc3 Be7 8. Bd3 O-O 9. Nf3 Ne4 10. O-O Nd7 11. Ne5
Nxe5 12. Bxe5 {1/2-1/2 Jehnichen,G-Sauer,B/VLSBaden 1992/GER 04}) 6. Nc3 Ne4 7.
a3 {Covers b4} Be7 8. Nb5 {White launches an attack} Nd6 9. Nf3 a6 10. cxd5
exd5 11. Nc3 Ne4 12. Bd3 g5 (12... O-O 13. Rc1 Be6 14. Qb3 $14) 13. Bxe4 {
White threatens strongly Nxg5} dxe4 $16 {Black wins space} (13... fxe4 14. Nxg5
O-O $16) 14. Nxg5 $1 {White stays in the lead} h5 15. h4 Rg8 $4 {
terrible, but what else could Black do to save the game?} (15... Bf6 $142 $18)
16. Qxh5+ Kd7 17. Qf7 (17. Nd5 $142 {and White has prevailed} Qf8 18. Nh7 Qg7
19. Nxc7 Qxg2 $18) 17... Qf8 18. Qxf8 (18. Qc4 $5 {and White can already relax}
Bxg5 19. hxg5 Ne7 20. Qxc7+ Ke8 $18) 18... Bxf8 (18... Rxf8 {
does not win a prize} 19. Rc1 $18) 19. Nd5 Rg7 (19... Be7 {does not help much}
20. Rc1 $18) 20. Nxc7 Bd6 (20... Ra7 $18 {
a last effort to resist the inevitable}) 21. Nxa8 (21. Nxa8 Bxf4 22. exf4 $18)
1-0

[Event "City of Adelaide"]
[Site "Adelaide"]
[Date "1998.09.09"]
[Round "8.6"]
[White "Brown, Cyril D"]
[Black "Kramer, Warren"]
[Result "1-0"]
[WhiteElo "1247"]
[BlackElo "1323"]
[Annotator "Fritz 5.00 - Anderson-Smith,W"]
[PlyCount "59"]
[EventDate "1998.07.22"]
[EventType "swiss"]
[EventRounds "9"]
[EventCountry "AUS"]

1. d4 Nf6 2. c4 c5 {Benoni Defence.} (2... e6 3. Nf3 c5 4. d5 exd5 5. cxd5 d6
6. Nc3 g6 7. Nd2 Nbd7 8. e4 Bg7 9. Be2 O-O 10. O-O Re8 11. a4 Ne5 12. Qc2 Nh5 (
12... g5 13. Nf3 Nxf3+ 14. Bxf3 h6 (14... Ng4 15. Bxg4 Bxg4 16. f4 gxf4 17.
Bxf4 Bh5 18. Nb5 Be5 19. Qf2 a6 20. Qg3+ Bg6 21. Nxd6 Qxd6 {
0-1 Ikonnikov,V-Kutuzovic,B/Pula op 1990/TD 90\01}) 15. Bd2 a6 16. Be2 Qe7 17.
Rae1 Qe5 18. Kh1 Qd4 19. f3 Nh5 20. Nb5 axb5 21. Bxb5 Qe5 22. Bc3 Qe7 23. Bxe8
Qxe8 24. Bxg7 Kxg7 25. b4 cxb4 26. Qb2+ Qe5 27. Qxb4 Nf4 28. Rd1 b6 29. Rf2 Nd3
30. Qxb6 Nxf2+ 31. Qxf2 Rxa4 32. Kg1 Ra1 33. Qe1 Ra2 34. Qg3 Qb2 35. h4 Ra1 {
0-1 Gligoric,S-Fischer,R/Palma de Mallorca izt 1970/IZT}) (12... Nfg4 13. h3
Nh6 14. f4 Nd7 15. Nf3 f5 16. Ng5 Nf8 17. e5 dxe5 18. Bc4 Nf7 19. Nxf7 Kxf7 20.
Nb5 e4 21. Be3 b6 22. Nc7 Bb7 23. d6+ Ne6 24. Rad1 Qd7 25. b4 Rac8 26. bxc5
bxc5 27. Nxe6 Rxe6 28. Bxe6+ Qxe6 29. d7 Rd8 30. Qxc5 {
1-0 Farago,I-Lyrberg,P/Budapest ExpFS FebGM 1993/EXP 36}) 13. Bxh5 gxh5 14. Nd1
Qh4 15. Ra3 Bd7 16. h3 b5 17. axb5 Bxb5 18. Re1 f5 19. Ne3 f4 20. Nf5 Qf6 21.
Nxg7 Qxg7 22. Nf3 Rf8 23. Nxe5 Qxe5 24. Rf3 Rf7 25. Bd2 Re8 26. Qc1 Ref8 27.
Bc3 Qe7 28. g3 Qg5 29. Kh1 Re8 30. gxf4 Qh4 31. f5 Rxe4 32. Rg3+ Kf8 33. Qh6+
Ke7 34. Rge3 Bd3 35. Kg1 Rxf5 36. Qxh7+ Kd8 37. Ba5+ {
1-0 Dlugy,M-Wedberg,T/New York op 1988/CBM 08}) 3. d5 d6 4. Nc3 e6 $146 (4...
Bf5 5. f3 (5. Bg5 Ne4 6. Nxe4 Bxe4 7. f3 Bg6 8. e4 Qb6 9. Qd2 h6 10. Bf4 Nd7
11. Ne2 Bh7 12. Nc3 g5 13. Bg3 Bg7 14. Bf2 Ne5 15. Be2 Qb4 16. Nb5 Qxd2+ 17.
Kxd2 Kd7 18. Rad1 a6 19. Nc3 Rab8 {
Atakisi,U-Nawaf,F/WchJM-U14 Szeged 1994/TD 94\01/1-0 (41)}) 5... g6 6. e4 Bd7
7. Be3 Bg7 8. Bd3 O-O 9. Nge2 Na6 10. O-O Nb4 11. Bb1 a5 12. Qd2 a4 13. a3 Na6
14. Bh6 Qa5 15. Bxg7 Kxg7 16. Bd3 Nc7 17. f4 b5 18. e5 Ng8 19. Rf2 {
Bruegge,B-Suchaja,N/Dresden op 1993/TD 93\06/0-1 (37)}) 5. g3 exd5 6. Nxd5 $11
{Menacing} (6. cxd5 Be7 $14) 6... Nxd5 7. Qxd5 $11 (7. cxd5 Be7 $11) 7... Be7
8. Bg2 Nc6 9. Nf3 Be6 10. Qe4 Rb8 11. Bd2 Bf6 12. Qc2 O-O 13. Bc3 (13. h4 Nd4
14. Nxd4 cxd4 $11) 13... Bxc3+ 14. Qxc3 Qe7 15. O-O Bg4 16. e3 {
Prevents intrusion on d4} Bxf3 $14 (16... b5 17. cxb5 Rxb5 18. Nd2 $11) 17.
Bxf3 Ne5 18. Bg2 b5 19. cxb5 Rxb5 20. b3 {Controls c4} Rbb8 21. Rfd1 Rfd8 22.
Bd5 Nd7 23. Qd3 Nf6 24. Bf3 {Attacking the backward pawn on d6} Rb6 25. Rac1
Nd7 26. Qe4 Qf6 27. Bg2 Qe5 $2 $18 (27... a6 $142 $14 {
and Black is still in the game}) 28. Qxe5 Nxe5 (28... dxe5 $4 29. Rxc5 $1 {
better than holding on to the material} Kf8 30. Rc7 $18) 29. Rxc5 $1 {
White should return some of the goodies he has collected} Ra6 $4 {
Black falls apart} (29... Rdb8 30. Rc7 a6 $18) 30. Rxe5 (30. Rxe5 Kf8 31. Rb5
$18) 1-0

[Event "City of Adelaide"]
[Site "Adelaide"]
[Date "1998.09.09"]
[Round "8.7"]
[White "Errington, Luke"]
[Black "Stefan, Vladimir"]
[Result "1-0"]
[WhiteElo "1461"]
[BlackElo "1281"]
[Annotator "Fritz 5.00 - Anderson-Smith,W"]
[PlyCount "73"]
[EventDate "1998.07.22"]
[EventType "swiss"]
[EventRounds "9"]
[EventCountry "AUS"]

1. e4 c5 2. d4 cxd4 3. c3 dxc3 4. Nxc3 {Sicilian Defence, Morra Gambit.} Nc6 5.
Nf3 g6 (5... d6 6. Bc4 e6 (6... Nf6 7. e5 Ng4 8. Bf4 Qa5 9. exd6 Qc5 10. Qe2
Nxf2 11. Be3 Qxd6 12. Bxf2 Bg4 13. Bxf7+ Kxf7 14. Ng5+ Ke8 15. Qxg4 Ne5 16.
Qa4+ Nc6 17. O-O a6 18. Rad1 Qe5 19. Nf7 {1-0 Wisnewski,C-Bremer,M/DLM 1996})
7. O-O Nf6 (7... Be7 8. Qe2 a6 9. Rd1 Qc7 10. Bf4 b5 11. Bb3 b4 12. Nd5 exd5
13. Rac1 d4 14. Ba4 Bd7 15. Bxc6 Bxc6 16. Nxd4 g5 17. Bg3 h5 18. Nxc6 Rh6 19.
e5 dxe5 20. Bxe5 Re6 21. Qxh5 Rxe5 22. Qh8 Re4 23. Qxg8+ Bf8 24. Qxg5 Rc8 25.
Na7 {1-0 Morvay,M-Arutyunyan,A/Budapest Spring op 1991/TD 91\05}) 8. Qe2 Bd7 9.
Rd1 Qb8 10. Bg5 Be7 11. Rac1 a6 12. a3 Ne5 13. Nxe5 dxe5 14. Bxf6 Bxf6 15. Nb5
axb5 16. Bxb5 Bc6 17. Rxc6 bxc6 18. Bxc6+ Kf8 19. Bxa8 Qxa8 20. Qf3 Ke7 21. Qc3
Rc8 22. Qd2 Kf8 23. Qe3 Rc4 24. Re1 Qc6 25. g3 Bd8 26. Kg2 Bb6 {
0-1 Hedke,F-Rabiega,R/BL2-N 1990/BL2}) 6. h4 $17 (6. Bc4 e6 (6... d6 7. e5 e6
8. Bg5 Be7 9. Bxe7 Ngxe7 10. exd6 Nf5 11. Ne4 Nh4 12. O-O Nxf3+ 13. Qxf3 O-O
14. d7 Ne5 15. Qc3 Nxd7 16. Rad1 e5 17. f4 Qb6+ 18. Kh1 Nf6 19. Nd6 Ng4 20.
Nxf7 Be6 21. Ng5 {Lochte,T-Genov,P/Berliner Sommer 1996/EXP 54/0-1 (54)}) (6...
h6 7. O-O Bg7 8. Bf4 Nf6 9. Nb5 d6 10. e5 Nh5 11. exd6 Nxf4 12. Nc7+ Kf8 13.
Re1 Be6 14. Bxe6 exd6 15. Nxa8 Nxe6 16. Qd5 Qd7 17. Nh4 Ke7 18. Nxg6+ fxg6 19.
Nc7 Ncd8 20. Rac1 Be5 21. Nxe6 {
Dettler,T-Schuetz,K/OLWuert 1993/GER 03/1-0 (36)}) 7. e5 (7. O-O Bg7 8. Nb5
Nge7 9. Nd6+ Kf8 10. Ng5 Ne5 11. Ndxf7 Nxf7 12. Qf3 Qe8 13. Rd1 Nc6 14. Bf4
Nxg5 15. Bxg5+ Qf7 16. Qa3+ Kg8 17. f4 h6 18. Bh4 Qxf4 19. Bg3 Qxe4 20. Bd3 Qb4
{0-1 Jackson,R-Hj Matnor,H/Manila olm 1992/TD 92\02}) 7... Bh6 8. O-O Bxc1 9.
Qxc1 Nge7 10. Ne4 Nf5 11. Nf6+ Ke7 12. Ne4 Kf8 13. g4 Ng7 14. Qf4 h6 15. h4 Ne8
16. Rad1 Qe7 17. Bd3 Kg7 18. Nd6 Nxd6 19. exd6 Qf6 20. Qe4 b6 21. Qe3 Qxb2 22.
Kg2 Bb7 23. Be4 Qf6 24. g5 hxg5 25. hxg5 Qd8 26. Rh1 f5 27. Bxc6 Bxc6 28. Rxh8
Qxh8 29. Rh1 Bxf3+ 30. Qxf3 Qe8 31. Qh3 e5 32. Qh7+ Kf8 33. Qh8+ Kf7 34. Qf6+ {
1-0 Schuetz,R-Kirchhoff,H/Dortmund op 1987/TD 87\03}) (6. Qa4 Bg7 $15) 6... Bg7
7. h5 d6 {Controls e5} 8. Bc4 gxh5 {Black gets strong initiative} 9. Bxf7+ (9.
Rxh5 Nf6 10. Rg5 Rg8 $17) 9... Kxf7 10. Ng5+ Kf8 11. Qxh5 {
Threatening mate: Qf7} Ne5 $1 {a beautiful, forced end to the game} 12. Nxh7+
Rxh7 13. Qxh7 Nf6 $17 (13... Qb6 14. O-O $19) 14. Qh4 Nd3+ 15. Ke2 Nxc1+ 16.
Raxc1 Qb6 17. Rc2 Be6 18. Qf4 (18. b3 Qa6+ 19. Kd2 Rc8 $17) 18... Bxa2 19. Rh3
(19. Nxa2 Qa6+ 20. Ke1 Qxa2 $19) 19... Rc8 20. Rg3 (20. Kf1 Be6 21. Rh4 Kg8 $19
) 20... Qb3 (20... Bb1 21. Rd2 Qa6+ 22. Ke1 $17) 21. Rd2 Qc4+ 22. Ke1 b5 $4 $11
{releasing the pressure on the opponent} (22... Rc5 $142 {
with excellent chances for Black} 23. Nxa2 Qxa2 24. Rxd6 Kf7 $19 (24... Qxb2 {
is much worse} 25. Rxf6+ Qxf6 26. Qb8+ Kf7 27. Rf3 $16)) 23. Qg5 Ne8 $14 (23...
Qf7 $5 {is worth looking at} 24. Qxg7+ Qxg7 25. Rxg7 Kxg7 26. Nxa2 a5 $11) 24.
Nxa2 Qxa2 $4 $18 {allows the opponent back into the game} (24... Rc5 $142 {
the only rescuing move} 25. Qf4+ Nf6 $11) 25. Qf5+ Bf6 26. Qxc8 Qb1+ 27. Ke2
Qxe4+ 28. Kd1 Qa4+ 29. Qc2 Qh4 30. Qb3 {Threatening mate... how?} Qh5+ 31. Kc2
(31. Kc1 {keeps an even firmer grip} Bg7 $18) 31... Qc5+ (31... Qf5+ 32. Qd3
Qe5 33. Kb1 $18) 32. Kb1 {Do you see the mate threat?} Bg5 (32... Qf5+ 33. Rc2
Ng7 $18) 33. Rd5 (33. f4 {keeps an even firmer grip} Qf5+ 34. Rdd3 Qf7 35.
Qxf7+ Kxf7 36. Rxg5 a6 $18) 33... Qc1+ 34. Ka2 Bf6 (34... Qf1 $18 {
is the last straw}) 35. Rg8+ $1 {hanging on to the material is worse} Kxg8 36.
Rg5+ Kh7 (36... Kh8 {does not improve anything} 37. Qg8#) 37. Qh3# 1-0

[Event "City of Adelaide"]
[Site "Adelaide"]
[Date "1998.09.16"]
[Round "9.1"]
[White "Phan-Koshnitsky, Ngan"]
[Black "Errington, Luke"]
[Result "1-0"]
[WhiteElo "2003"]
[BlackElo "1461"]
[Annotator "Fritz 5.00 - Anderson-Smith,W"]
[PlyCount "107"]
[EventDate "1998.07.22"]
[EventType "swiss"]
[EventRounds "9"]
[EventCountry "AUS"]

1. d4 f5 2. Nf3 Nf6 3. g3 g6 4. b3 Bg7 5. Bb2 O-O 6. Bg2 d6 7. O-O Qe8 8. c4 c6
9. Nbd2 Na6 {Dutch Defence, Leningrad Variation.} 10. Qc2 (10. Re1 d5 11. Ne5
Be6 12. f3 Nd7 13. Nd3 dxc4 14. bxc4 Nb6 15. Qc2 Rd8 16. e3 g5 17. Rac1 Qf7 18.
a3 Qg6 19. f4 g4 20. Ne5 Bxe5 21. fxe5 Qg5 22. Bc3 Rd7 23. Ba5 Nc7 24. Rb1 Nca8
{Stohl,I-Kontic,D/Vrnjacka Banja 1989/CBM 13/1-0 (39)}) (10. Qb1 h6 11. e4 fxe4
12. Nxe4 Nxe4 13. Qxe4 Bf5 14. Qe2 Qf7 15. Nh4 Rae8 16. f4 Bf6 17. Nxf5 gxf5
18. Bf3 Qg7 19. Bh5 Rd8 20. Rad1 Nc7 21. Rfe1 d5 22. c5 b6 23. Rd2 Rd7 24. Bf3
bxc5 25. dxc5 Bxb2 26. Rxb2 Qd4+ 27. Qf2 Qxf2+ 28. Kxf2 Na6 29. Rc2 Rf6 30. a3
Rb7 31. b4 e6 32. Be2 Nc7 33. Ke3 a5 34. Rb2 axb4 35. Rxb4 Rxb4 36. axb4 Rf8
37. Ra1 Rb8 38. Ra4 Rb7 39. Kd4 Kf7 40. Ke5 Ke7 41. h3 Ne8 42. g4 Nf6 43. gxf5
Nd7+ 44. Kd4 exf5 45. Bd3 Kf6 46. b5 cxb5 47. Ra6+ Ke7 48. c6 Rb6 49. c7 {
1-0 Sinkovics,P-Moor,R/Biel Credis 1995/EXP 48}) 10... Nc7 $146 (10... Bd7 11.
a3 Nc7 12. Rae1 h6 13. e4 fxe4 14. Nxe4 Qf7 {
1/2-1/2 Schmitz,J-Richter,R/NRW-I 1991/TD 91\01}) (10... Kh8 11. Rae1 d5 12.
Ne5 Be6 13. Ndf3 Ne4 14. Nd3 Rc8 15. Nfe5 Bg8 16. e3 Nb8 17. f3 Nf6 18. e4 fxe4
19. fxe4 Nxe4 20. Rxf8 Qxf8 21. Nf4 Bxe5 22. dxe5 e6 23. Bxe4 dxe4 24. Qxe4 Rd8
25. Rf1 Qf5 26. Qe2 Na6 27. Nxe6 Bxe6 28. Rxf5 gxf5 29. Qh5 Nc5 30. Qh6 Re8 31.
Ba3 {1-0 Gruenberg,H-Mack,P/BL9091 1991/BL 90}) (10... h6 11. Rae1 g5 12. a3
Qh5 13. e3 Nc7 14. b4 Bd7 15. Nb3 Rf7 16. Qd1 Ne4 17. Nfd2 Qxd1 18. Rxd1 Nxd2
19. Rxd2 f4 20. exf4 gxf4 21. Re1 Raf8 22. gxf4 Bf6 23. d5 Rg7 24. Bxf6 Rxf6
25. Re3 Rxf4 26. Na5 cxd5 27. cxd5 b6 28. Nb3 Nb5 29. Nc1 Nd4 30. Ne2 Nxe2+ 31.
Rdxe2 Bg4 32. f3 Bxf3 33. Rf2 Rxg2+ 34. Rxg2+ Bxg2 35. Kxg2 Kf7 36. Rc3 Rd4 37.
Rc7 a5 38. b5 Rxd5 39. a4 Rd4 40. Rb7 Rxa4 41. Rxb6 Rb4 {
0-1 Archangelsky,M-Anic,D/Paris-ch 1993/TD 93\04}) 11. Rfe1 h6 {
Prevents intrusion on g5} 12. e4 fxe4 13. Nxe4 {White fights for the Initiative
} Bf5 $14 (13... Nxe4 14. Qxe4 Be6 15. Nh4 $11) 14. Nh4 Qd7 15. Nxf6+ Rxf6 16.
Nxf5 gxf5 17. d5 {White gets more space} Rg6 18. Bxg7 Rxg7 19. Qd2 {
The white queen on d2 is not without poison} Kh7 20. Bh3 Rf8 21. Re4 $14 (21.
b4 Qe8 $16) 21... Qe8 22. Rh4 Qg6 23. Re1 Rgf7 (23... cxd5 24. cxd5 Rf6 25. Bg2
$16) 24. Bf1 (24. Bg2 cxd5 25. cxd5 Rd8 $16) 24... Kg7 $18 (24... a6 $142 $5
$16) 25. Be2 Qg5 26. f4 Qf6 27. Bh5 Na6 $2 (27... cxd5 28. cxd5 Nb5 $18) 28.
Bxf7 Rxf7 29. Re6 Qa1+ 30. Kg2 Nc5 31. Rexh6 Ne4 32. Qe2 cxd5 (32... Nf6 {
cannot change what is in store for ?} 33. dxc6 bxc6 34. Rh8 $18) 33. Rh7+ (33.
Rg6+ {might be the shorter path} Kf8 34. cxd5 Ke8 $18) 33... Kg8 34. Rxf7 Kxf7
35. cxd5 Kg7 (35... Qg7 $18) 36. Rh5 Qf6 37. g4 e6 (37... Qd4 {
doesn't get the bull off the ice} 38. Rxf5 b5 39. h4 $18 (39. Qxb5 $6 Qf2+ 40.
Kh3 Qf3+ 41. Kh4 Qf2+ 42. Kh3 Qf3+ 43. Kh4 Qf2+ 44. Kh3 $11)) 38. dxe6 Qxe6 39.
Rxf5 d5 (39... Nc5 {does not help much} 40. Qb2+ Kg8 41. Rg5+ Kf7 42. Qc2 Qe4+
43. Qxe4 Nxe4 44. Rf5+ Kg8 45. h4 $18) 40. Qd3 (40. Qb2+ $5 {
keeps an even firmer grip} Kg8 41. Qd4 a6 $18) 40... Nf6 (40... Qb6 {
does not improve anything} 41. Qc2 (41. Qxd5 $6 {is a useless try} Qf2+ 42. Kh3
Qf3+ 43. Kh4 Qf2+ 44. Kh3 Qf3+ 45. Kh4 Qf2+ 46. Kh3 $11) 41... Qd8 42. Qb2+ Kg6
43. Rh5 $18) 41. h3 Qc6 42. Kg3 (42. Qd4 $5 {seems even better} a5 $18) 42...
Ne4+ (42... Qc1 {doesn't get the cat off the tree} 43. Qd4 Qe1+ 44. Kg2 Qe2+
45. Qf2 $18) 43. Kf3 Nf6 (43... a6 {doesn't do any good} 44. Qxd5 (44. Rxd5 $6
Nf6 $16) 44... Qxd5 45. Rxd5 $18) 44. Qd4 Qc1 (44... Qe6 {
there is nothing better in the position} 45. Rxf6 Qxf6 $18) 45. Rxf6 $18 (45.
Qxf6+ Kh7 46. Qf7+ Kh8 47. Rh5#) 45... Qh1+ (45... Qf1+ {
the last chance for counterplay} 46. Kg3 Qe1+ 47. Kg2 Qe2+ 48. Qf2 Qe4+ 49. Qf3
Qc2+ 50. Kg3 Kxf6 51. Qxd5 Qc3+ 52. Qf3 Qe1+ 53. Qf2 Qc3+ 54. Kh4 Kf7 $18) 46.
Kg3 (46. Kf2 $142 {and White has it in the bag} Qh2+ 47. Ke1 Qh1+ 48. Kd2 Qg2+
49. Kc1 Qf1+ 50. Kb2 Qe2+ 51. Ka3 $18) 46... Qe1+ 47. Kg2 {
Do you see the mate threat?} Qe2+ 48. Qf2 $1 {
a brilliant end. Threatening mate: Qxe2} Qe4+ 49. Kh2 (49. Qf3 $142 $5 {
makes it even easier for White} Qc2+ 50. Kg3 Kxf6 51. Qxd5 Qc3+ 52. Qf3 Qe1+
53. Qf2 Qc3+ 54. Kh4 Kf7 $18) 49... d4 (49... Kxf6 50. Kg3 d4 $18) 50. Rd6 d3
51. Qd2 (51. Qb2+ $142 {and White wins} Kg8 52. Rd8+ Kf7 $18) 51... Qe2+ 52.
Qxe2 {The mate threat is Qe7} dxe2 53. Re6 e1=Q (53... a6 $18 {
is still a small chance}) 54. Rxe1 (54. Rxe1 Kf7 55. g5 $18) 1-0